Từ điển triệu chứng và định bệnh; T2 E - Q

Gardado en:
Detalles Bibliográficos
Autor Principal: Lương Phán
Formato: Libro
Idioma:Undetermined
Publicado: Long An Nxb. Tổng hợp Long An 1990
Những chủ đề:
Các nhãn: Engadir etiqueta
Sen Etiquetas, Sexa o primeiro en etiquetar este rexistro!
Thư viện lưu trữ: Trung tâm Học liệu Trường Đại học Cần Thơ
LEADER 00568nam a2200193Ia 4500
001 CTU_14408
008 210402s9999 xx 000 0 und d
082 |a 616.07503 
082 |b Ph105t 
100 |a Lương Phán 
245 0 |a Từ điển triệu chứng và định bệnh; T2 
245 0 |b E - Q 
245 0 |c Lương Phán 
260 |a Long An 
260 |b Nxb. Tổng hợp Long An 
260 |c 1990 
650 |a diagnosis 
904 |i Nguyễn Quang Điền, 970103 
980 |a Trung tâm Học liệu Trường Đại học Cần Thơ